000 00435cam a2200169ua 4500
020 _c5.00
041 _amal
_h
082 _a338.9
_bNAR/AS
100 _aNarayanan, C .
245 _aAsoothranam alpavikasitha rajyangalil /
_cC Narayanan.
_hTextual Documents
260 _aCalicut :
_bNavakerala Co-operative publishing ,
_c1963.
300 _a398 ; .
365 _a5.00
504 _a
942 _cBK
999 _c4543
_d4543